=LDR 00000nam 2200000 4500 =001 NUTBA000000000004049 =005 20140902102838.0 =006 =007 =008 =020 ##$$a 978-600-358-731-3 =035 ##$$a 0010-091400000000082 =040 ##$$a NBPDMAT =082 ##$$a 372.4 =084 ##$$a 372.4 Moh l =100 ##$$a Moh. Kusnadi Wasrie =245 ##$$a lancar membaca dua bahasa / $c Moh. Kusnadi Wasrie =250 ##$$a Cet. 1 =260 ##$$a Surabaya : $b Cahaya Agency, 2010 =300 ##$$a 64 hlm. : $b ilus. ; $c 29 cm. =650 ##$$a Membaca =990 ##$$a 21409147 =990 ##$$a 0001/BPAP-NTB/20142014 =990 ##$$a 0001/BPAP-NTB/20142014 =990 ##$$a 0001/BPAP-NTB/20142014 =990 ##$$a 0001/BPAP-NTB/20142014 =990 ##$$a 0001/BPAP-NTB/20142014